00689nam a2200193 a 450000100100000000500170001000800410002702000150006804000250008308200170010810000240012524500960014926000380024530000340028370000310031704900090034895201210035799900170047800002562920200930023929.0110218s1986 xxud r 000 0 spa d a0311461107 aDO-SdBNPbspacBNPHU axxxxxbH145l1 aHaggai, John95233210aLiderazgo que perdura :ben un mundo que cambia /cJohn Haggai ; traducción Rhode Flores. aTennessi :bMundo Hispano,c1986. a223 p. :bdiagrs. ;c21.5 cm.1 aFlores, Rhode,etr.948307 aBNGR 001054708MOaGRbGRcCTd2011-02-18iLF1l0oxxxxx H145lp25629-10r2020-06-25w2020-06-25y4ZPréstamo en sala c25121d25121